| 000 | 01019cam a2200205 4500 | ||
|---|---|---|---|
| 001 | ABS63456 | ||
| 008 | 000000n2000 000 0 eng u | ||
| 035 | _a(Sirsi) u110438 | ||
| 100 | _aBaker, M. | ||
| 245 | _aPPG 11 and the future of regional planning guidance | ||
| 260 | _c2000 | ||
| 490 |
_aTown & Country Planning _v69(12) December 2000, 338-340(3) |
||
| 520 | _aReflections on current regional planning guidance in the light of the publication of the latest edition of PPG11: "Regional Planning". Notes amendments made to the guidance since publication of the previous draft and outlines its key recommendations to strengthen the RPG process and for the improvement of RPG strategies and highlights the issues that still need to be addressed in order to achieve an effective regional planning process. | ||
| 590 | _aABS | ||
| 650 | _aPPG11 | ||
| 650 | _aREGIONAL PLANNING | ||
| 650 | _aREGIONAL PLANNING GUIDANCE | ||
| 690 | _aENVIRONMENTAL AND LAND CONSULTANCY-PLANNING AND DEVELOPMENT | ||
| 942 | _n0 | ||
| 999 |
_c65841 _d65841 |
||